000 00520nam a2200181Ia 4500
001 7698
005 20260306160514.0
008 260306t2014||||xx |||||||||||||| ||spa||
041 _aESP
082 _a354.328
_bO65S
100 _aOrganismo de Evaluación y Fiscalización Ambiental
_eAUT
245 0 _aEl derecho administrativo sancionador ambiental:
_bexperiencias en Colombia, España y Perú
260 _c2014
300 _a179 páginas :
_c24 cm.
650 _aGEN
654 _aCIA
942 _cLIB
_dJUS
_fJUS
_2ddc
_n
999 _c7698
_d7698